| 000 | 00390nam a2200181Ia 4500 | ||
|---|---|---|---|
| 005 | 20240823043552.0 | ||
| 008 | 240823s9999||||xx |||||||||||||| ||und|| | ||
| 041 | _aENGLISH | ||
| 082 | _A540 M5 | ||
| 100 | _aSavelyev I V | ||
| 245 | 0 | _aPhysics | |
| 250 | _a1st | ||
| 260 |
_c1985 _bMIR Publi |
||
| 500 | _aTRANSFERED | ||
| 650 |
_aPhysics _bPhysics |
||
| 942 | _cBK | ||
| 999 |
_c210533 _d210533 |
||